Cities that End in "O" Map Quiz - Statistics

General Stats
  • This quiz has been taken 143 times
  • The average score is 30 of 50
Answers on the Map
Answers color-coded by a green-red scale on the quiz's map according to % correct below.
 
Answer Stats
City % Correct
Oslo
97%
Tokyo
92%
San Francisco
91%
Cairo
90%
Chicago
90%
Porto
90%
Santiago
90%
São Paulo
88%
Rio de Janeiro
87%
Orlando
86%
Quito
86%
Sarajevo
86%
Colombo
85%
Palermo
85%
Toronto
85%
Montevideo
83%
San Diego
80%
Malmö
79%
Antananarivo
78%
Santo Domingo
78%
Bilbao
75%
Maputo
73%
San Antonio
72%
Sacramento
71%
Kyoto
69%
Sapporo
69%
El Paso
68%
Aleppo
65%
Buffalo
65%
Bamako
63%
Porto-Novo
58%
Kano
57%
Maracaibo
46%
Cusco
39%
Rosario
38%
Davao
37%
Dnipro
37%
Greensboro
37%
Valparaíso
34%
Qingdao
33%
Macao
31%
Ningbo
27%
Zibo
22%
Barquisimeto
15%
Maceió
13%
Santiago de Querétaro
9%
Kumamoto
7%
Rizhao
7%
Qinhuangdao
5%
Jiaozuo
3%
No matching quizzes found
Score Distribution
Percent of People with Each Score
Percentile by Number Answered
Your Score History
You have not taken this quiz